header

Compliance for green IT (Record no. 133836)

MARC details
000 -LEADER
fixed length control field 01260nam a2200313 a 4500
100 1# - MAIN ENTRY--AUTHOR NAME
Personal name Calder, Alan.
245 10 - TITLE STATEMENT
Title Compliance for green IT
260 ## - PUBLICATION, DISTRIBUTION, ETC. (IMPRINT)
Place of publication Ely, U.K. :
Name of publisher IT Governance Pub.,
Year of publication 2009.
300 ## - PHYSICAL DESCRIPTION
Number of Pages 72 p. :
Other physical details ill.
650 #0 - SUBJECT ADDED ENTRY--TOPICAL TERM
Topical Term Electronic waste
Topical Term Electronic waste
Topical Term Carbon offsetting
856 40 - ELECTRONIC LOCATION AND ACCESS
Uniform Resource Identifier http://site.ebrary.com/lib/rucke/Doc?id=10439461

No items available.

© 2026 Rongo University
Contact us: librarian | system librarian | Rongo university